Introducción a la fisiología vegetal
Uloženo v:
| Hlavní autoři: | , |
|---|---|
| Médium: | Kniha |
| Jazyk: | španělština |
| Vydáno: |
Madrid
Mundi-Prensa
1994
|
| Vydání: | 1a. ed |
| Témata: | |
| Tagy: |
Přidat tag
Žádné tagy, Buďte první, kdo vytvoří štítek k tomuto záznamu!
|
MARC
| LEADER | 00000cam a2200000 a 4500 | ||
|---|---|---|---|
| 001 | UCD2412 | ||
| 003 | CL-VaPUC | ||
| 008 | 160428e19940000sp |||||||||||||||||spa|d | ||
| 020 | |a 8471144719 | ||
| 082 | 0 | 4 | |a 581.1 |b PER |2 21 |
| 100 | 0 | |a Pérez García, Félix |e author |9 585759 | |
| 700 | 0 | |a Martínez-Laborde, Juan B |e author |9 585760 | |
| 245 | 1 | 0 | |a Introducción a la fisiología vegetal |
| 250 | |a 1a. ed | ||
| 300 | |a 218 p | ||
| 942 | |c BK | ||
| 945 | |d 20160428 21:50:00 |a cmena | ||
| 260 | |a Madrid |b Mundi-Prensa |c 1994 | ||
| 650 | 0 | |a Fisiología vegetal |9 260158 | |
| 650 | 0 | |a Metabolismo vegetal |9 333115 | |
| 650 | 0 | |a Crecimiento de las plantas |9 334405 | |
| 650 | 0 | |a Fotosíntesis |9 261610 | |
| 650 | 0 | |a Desarrollo vegetal |9 338112 | |
| 650 | 0 | |a Botánica |9 264202 | |
| 583 | |a last modification |c 20160428 21:50:00 |k Rodrigo Vera | ||
| 999 | |c 363574 |d 363572 | ||
| 952 | |0 0 |1 0 |3 erb |4 0 |6 581_100000000000000_PER_1994 |7 0 |8 A |9 476037 |a BIBAGR |b BIBAGR |i 5283132 |l 2 |o 581.1 PER 1994 |p 5283132 |r 2025-04-23 |s 2025-04-11 |w 2019-11-24 |y BK |z Catalogado en:20160428 |k AGR | ||